Resmî yazışmalar sözlüğü. (Record no. 51017)

MARC details
000 -LEADER
fixed length control field 00624cam a22002171 4500
001 - CONTROL NUMBER
control field ne 68004454
003 - CONTROL NUMBER IDENTIFIER
control field DLC
005 - DATE AND TIME OF LATEST TRANSACTION
control field 20260227111849.0
008 - FIXED-LENGTH DATA ELEMENTS--GENERAL INFORMATION
fixed length control field 890327s1964 tu d 000 0 tur
010 ## - LIBRARY OF CONGRESS CONTROL NUMBER
LC control number ne 68004454
035 ## - SYSTEM CONTROL NUMBER
System control number (OCoLC)23571140
040 ## - CATALOGING SOURCE
Original cataloging agency DLC
Transcribing agency MiU
Modifying agency DLC
042 ## - AUTHENTICATION CODE
Authentication code premarc
050 00 - LIBRARY OF CONGRESS CALL NUMBER
Classification number HF1002
Item number .O38
100 1# - MAIN ENTRY--PERSONAL NAME
Personal name Öztelli, Cahit
245 10 - TITLE STATEMENT
Title Resmî yazışmalar sözlüğü.
260 ## - PUBLICATION, DISTRIBUTION, ETC.
Place of publication, distribution, etc. [Ankara]
Name of publisher, distributor, etc. Ankara Üniversitesi Basımevi,
Date of publication, distribution, etc. 1964.
300 ## - PHYSICAL DESCRIPTION
Extent 166 p.
Dimensions 17 cm.
650 #0 - SUBJECT ADDED ENTRY--TOPICAL TERM
Topical term or geographic name entry element Commerce
General subdivision Dictionaries
-- Turkish.
810 2# - SERIES ADDED ENTRY--CORPORATE NAME
Corporate name or jurisdiction name as entry element Türk Dil Kurumu.
Title of a work Türk Dil Kurumu yayınlarından ;
Volume/sequential designation 228.

No items available.

Powered by Koha